Papys du monde - Statistiques

Statistiques générales
  • Ce quiz a été pris 37 fois
  • Le résultat moyen est 28 sur 35
Statistiques - réponses
Hint Réponse % Correct
Robert Charlebois Canada
100%
Clint Eastwood Etats-Unis
100%
Hugues Aufray France
100%
Mick Jagger Royaume-Uni
100%
Garry Kasparov Russie
100%
Eddy Merckx Belgique
97%
Jackie Chan Chine
97%
Julio Iglésias Espagne
97%
Takeshi Kitano Japon
97%
Stephan Eicher Suisse
97%
Aldo Maccione Italie
94%
Dave Pays-Bas
94%
Lech Wałęsa Pologne
94%
Bjorn Borg Suède
94%
Wim Wenders Allemagne
91%
khaled Algérie
89%
Guillermo Vilas Argentine
86%
Paul Hogan Australie
86%
Chico Buarque Brésil
86%
Ari Vatanen Finlande
86%
Arnold Schwarzenegger Autriche
83%
Lars von Trier Danemark
83%
Morten Harket Norvège
77%
Luis Régo Portugal
77%
Brendan Gleeson Irlande
74%
Russel Crowe Nouvelle-Zélande
66%
Emir Kusturica Serbie
63%
Jimmy Cliff Jamaïque
60%
Ivan Lendl République Tchèque
60%
Vladimir Cosma Roumanie
60%
Youssou N'Dour Sénégal
60%
Mikhail Baryshnikov Lettonie
43%
Alpha Blondy Côte d’Ivoire
34%
Léon XIV Vatican
34%
Ang Lee Taïwan
31%
Aucun quiz correspondant
Distribution des résultats
% des personnes avec chaque résultat
Percentile par nombre de réponses
Votre historique - résultats
Vous n’avez pas pris ce quiz